[Event "FIDE Open World Blitz 2021"]
[Site "Warsaw"]
[Date "2021.12.29"]
[Round "2.14"]
[White "Ter-Sahakyan, Samvel"]
[Black "Alekseenko, Kirill"]
[Result "1/2-1/2"]
[WhiteElo "2565"]
[BlackElo "2710"]
[Annotator "ChessBase"]
[PlyCount "193"]
[EventDate "2021.12.29"]
[EventType "swiss"]
[EventCountry "POL"]
[Tiebreak "Cut1 Buchholz"]
[SourceTitle "playchess.com"]
[Source "ChessBase"]
[SourceQuality "1"]

1. e4 e5 2. Nf3 Nc6 3. Bb5 a6 4. Ba4 d6 5. O-O Bd7 6. c3 Nge7 7. d4 Ng6 8. h3
Be7 9. Be3 O-O 10. Nbd2 Kh8 11. Bc2 Nh4 12. Nxh4 Bxh4 13. f4 exd4 14. cxd4 f5
15. e5 Be6 16. Bb3 d5 17. Nf3 Be7 18. Bc2 Rc8 19. Rc1 Na5 20. Bf2 Bd7 21. Kh1
Nc4 22. b3 Na3 23. Bd3 Bb5 24. Be3 Qd7 25. Kh2 b6 26. Rg1 c5 27. g4 fxg4 28.
hxg4 c4 29. Bf5 Rxf5 30. gxf5 Qxf5 31. Ng5 Rf8 32. Qg4 Bd7 33. Qxf5 Bxf5 34.
Rce1 b5 35. Bc1 Nc2 36. Rd1 a5 37. Rg2 cxb3 38. axb3 a4 39. bxa4 bxa4 40. e6 h6
41. Nf7+ Kh7 42. Ne5 Rc8 43. Rdg1 Bf8 44. Nd7 g6 45. Nxf8+ Rxf8 46. Re1 Nxd4
47. e7 Re8 48. Kg3 Be4 49. Rb2 Rxe7 50. Rb8 Nf5+ 51. Kf2 Rc7 52. Bb2 Ng7 53.
Be5 Rf7 54. Rc1 g5 55. Ke3 Nf5+ 56. Kd2 Kg6 57. Rg8+ Kh5 58. fxg5 hxg5 59. Rg1
Nh4 60. R8xg5+ Kh6 61. Ke3 Nf3 62. Bg7+ Rxg7 63. Rxg7 Nxg1 64. Rxg1 a3 65. Ra1
Kg6 66. Rxa3 Kf5 67. Kd4 Kf4 68. Ra6 Kf5 69. Rd6 Kg5 70. Ke5 Kg4 71. Rf6 Kg5
72. Rf4 Kg6 73. Rg4+ Kf7 74. Rg5 Bh1 75. Rg4 Be4 76. Rg1 Bd3 77. Kxd5 Bc2 78.
Ke5 Bd3 79. Rg2 Bc4 80. Rg3 Bb5 81. Rf3+ Ke7 82. Rb3 Bc6 83. Rc3 Kd7 84. Rg3
Bh1 85. Rg7+ Kc6 86. Rg3 Kd7 87. Rg7+ Kc6 88. Rh7 Bf3 89. Rh3 Bg2 90. Rg3 Bf1
91. Rc3+ Kd7 92. Rc1 Bg2 93. Rd1+ Kc7 94. Rd2 Bf3 95. Rd6 Bg2 96. Rf6 Bh1 97.
Ke6 1/2-1/2

[Event "FIDE Open World Blitz 2021"]
[Site "Warsaw"]
[Date "2021.12.29"]
[Round "2.15"]
[White "Fridman, Daniel"]
[Black "Demchenko, Anton"]
[Result "1-0"]
[WhiteElo "2626"]
[BlackElo "2655"]
[Annotator "ChessBase"]
[PlyCount "76"]
[EventDate "2021.12.29"]
[EventType "swiss"]
[EventCountry "POL"]
[Tiebreak "Cut1 Buchholz"]
[SourceTitle "playchess.com"]
[Source "ChessBase"]
[SourceQuality "1"]

1. d4 Nf6 2. c4 g6 3. Nf3 Bg7 4. g3 O-O 5. Bg2 d6 6. Nc3 Nc6 7. O-O e5 8. dxe5
dxe5 9. Bg5 h6 10. Qxd8 Rxd8 11. Bxf6 Bxf6 12. Nd5 Kg7 13. Nxc7 Rb8 14. e4 Be7
15. Nd5 Bc5 16. Rfd1 Be6 17. Rab1 a5 18. Bf1 b6 19. Kg2 f5 20. a3 fxe4 21. Nd2
Bf5 22. Ne3 a4 23. h3 h5 24. Rbc1 Nd4 25. g4 hxg4 26. hxg4 Be6 27. Nxe4 Be7 28.
f3 Rf8 29. Nd5 Bd8 30. Rc3 b5 31. Nc5 bxc4 32. Rxd4 exd4 33. Nxe6+ Kf7 34. Nxd4
Rxb2+ 35. Kg3 Rh8 36. Bxc4 Kg7 37. Ne6+ Kh6 38. Rc1 Kh7 1-0

[Event "FIDE Open World Blitz 2021"]
[Site "Warsaw"]
[Date "2021.12.29"]
[Round "2.15"]
[White "Gumularz, Szymon"]
[Black "Salem, A.R. Saleh"]
[Result "0-1"]
[WhiteElo "2396"]
[BlackElo "2690"]
[Annotator "ChessBase"]
[PlyCount "118"]
[EventDate "2021.12.29"]
[EventType "swiss"]
[EventCountry "POL"]
[Tiebreak "Cut1 Buchholz"]
[SourceTitle "playchess.com"]
[Source "ChessBase"]
[SourceQuality "1"]

1. e4 c5 2. Nf3 Nc6 3. Bb5 e6 4. O-O Nge7 5. d4 cxd4 6. Nxd4 Ng6 7. Be3 Be7 8.
Nc3 O-O 9. Be2 a6 10. Nxc6 bxc6 11. Na4 d5 12. exd5 cxd5 13. c4 dxc4 14. Qxd8
Rxd8 15. Bxc4 Bb7 16. Nb6 Rab8 17. a4 a5 18. Rfd1 Bc6 19. Bb5 Rxd1+ 20. Rxd1
Bxb5 21. axb5 Nf8 22. Rc1 f6 23. Rc8 Rb7 24. Kf1 Kf7 25. Ra8 f5 26. Rxa5 f4 27.
Bd4 e5 28. Bxe5 Rxb6 29. Bxf4 Ne6 30. Be3 Bc5 31. Ke2 Kf6 32. Bxc5 Nxc5 33. b4
Nd7 34. Kd3 Ke6 35. Kc4 Kd6 36. f4 Rb7 37. Ra6+ Nb6+ 38. Kd4 Kc7 39. g4 Nd7 40.
Kc4 Nb6+ 41. Kd4 Nd7 42. Kc4 Rb8 43. Ra7+ Kd6 44. Ra6+ Nb6+ 45. Kd4 Rb7 46. f5
Kc7 47. h4 Nd7 48. Rc6+ Kd8 49. g5 Rxb5 50. f6 gxf6 51. gxf6 Rxb4+ 52. Kd5 Rxh4
53. Ra6 Rf4 54. Ra8+ Kc7 55. Ra7+ Kc8 56. Ke6 Rxf6+ 57. Ke7 Rg6 58. Ra8+ Nb8
59. Ra5 Nc6+ 0-1

[Event "FIDE Open World Blitz 2021"]
[Site "Warsaw"]
[Date "2021.12.29"]
[Round "2.16"]
[White "Hovhannisyan, Robert"]
[Black "Asadli, Vugar"]
[Result "1-0"]
[WhiteElo "2622"]
[BlackElo "2386"]
[Annotator "ChessBase"]
[PlyCount "69"]
[EventDate "2021.12.29"]
[EventType "swiss"]
[EventCountry "POL"]
[Tiebreak "Cut1 Buchholz"]
[SourceTitle "playchess.com"]
[Source "ChessBase"]
[SourceQuality "1"]

1. e4 c6 2. d4 d5 3. e5 c5 4. dxc5 e6 5. Be3 Nd7 6. Nf3 Bxc5 7. Bxc5 Nxc5 8.
Qd4 Nd7 9. Bd3 Ne7 10. Qg4 Ng6 11. O-O Nc5 12. Nc3 Nxd3 13. cxd3 O-O 14. Rfe1
Bd7 15. h4 h6 16. h5 Ne7 17. Nd4 Qb6 18. Rab1 f5 19. Qf4 Rac8 20. Rec1 Kh7 21.
Nce2 g5 22. hxg6+ Nxg6 23. Qh2 f4 24. Nf3 Rxc1+ 25. Nxc1 Bb5 26. b3 Qc7 27. Ne2
Bxd3 28. Rc1 Qe7 29. Ned4 Kg7 30. Rc7 Qxc7 31. Nxe6+ Kh7 32. Nxc7 Rc8 33. Ng5+
Kg8 34. Nge6 d4 35. Qxh6 1-0

[Event "FIDE Open World Blitz 2021"]
[Site "Warsaw"]
[Date "2021.12.29"]
[Round "2.16"]
[White "Santos Latasa, Jaime"]
[Black "Karjakin, Sergey"]
[Result "1-0"]
[WhiteElo "2561"]
[BlackElo "2743"]
[Annotator "ChessBase"]
[PlyCount "55"]
[EventDate "2021.12.29"]
[EventType "swiss"]
[EventCountry "POL"]
[Tiebreak "Cut1 Buchholz"]
[SourceTitle "playchess.com"]
[Source "ChessBase"]
[SourceQuality "1"]

1. Nf3 c5 2. c4 Nc6 3. Nc3 e5 4. g3 g6 5. Bg2 Bg7 6. O-O d6 7. Ne1 Be6 8. d3
Nge7 9. Nc2 d5 10. cxd5 Nxd5 11. Ne3 Nde7 12. Nc4 O-O 13. Bg5 f6 14. Be3 b6 15.
a3 Qd7 16. b4 cxb4 17. axb4 Nd5 18. Nxd5 Bxd5 19. Bxd5+ Qxd5 20. Bxb6 Nxb4 21.
Bxa7 Qe6 22. Bc5 Rxa1 23. Qxa1 Rb8 24. Bd6 Rb5 25. Qa8+ Kf7 26. Ra1 g5 27. Rb1
Nxd3 28. Rxb5 1-0

[Event "FIDE Open World Blitz 2021"]
[Site "Warsaw"]
[Date "2021.12.29"]
[Round "2.17"]
[White "Onyshchuk, Volodymyr"]
[Black "Van Foreest, Lucas"]
[Result "0-1"]
[WhiteElo "2622"]
[BlackElo "2532"]
[Annotator "ChessBase"]
[PlyCount "106"]
[EventDate "2021.12.29"]
[EventType "swiss"]
[EventCountry "POL"]
[Tiebreak "Cut1 Buchholz"]
[SourceTitle "playchess.com"]
[Source "ChessBase"]
[SourceQuality "1"]

1. e4 c5 2. Nf3 a6 3. b3 Nc6 4. Bb2 d6 5. g3 e5 6. Bg2 g6 7. O-O Bg7 8. h3 Nge7
9. c3 O-O 10. d4 exd4 11. cxd4 d5 12. e5 cxd4 13. Re1 Re8 14. Na3 Nf5 15. g4
Nh4 16. Nxh4 Qxh4 17. Nc2 h5 18. gxh5 Bxh3 19. hxg6 fxg6 20. Bxd5+ Kh7 21. Qf3
Nxe5 22. Qg3 Qxg3+ 23. fxg3 Nd3 24. Rxe8 Rxe8 25. Bxd4 Nb4 26. Bxg7 Nxc2 27.
Rc1 Ne3 28. Bf7 Re7 29. Bd4 Nf5 30. Bb2 Rxf7 31. Rc8 Ng7 32. Rb8 Bf5 33. Be5 g5
34. Kh2 Kg6 35. a4 Be6 36. b4 Bd5 37. g4 Bc6 38. a5 Re7 39. Bd4 Ne6 40. Be5 Nf4
41. Rg8+ Kf7 42. Rxg5 Nd3 43. Bc3 Re2+ 44. Kg3 Re3+ 45. Kh4 Nf2 46. Rf5+ Ke6
47. Rxf2 Rxc3 48. g5 Bf3 49. g6 Rc4+ 50. Kg5 Rg4+ 51. Kh6 Be4 52. Kh5 Rxg6 53.
Re2 Ke5 0-1

[Event "FIDE Open World Blitz 2021"]
[Site "Warsaw"]
[Date "2021.12.29"]
[Round "2.17"]
[White "Nevednichy, Vladislav"]
[Black "Pichot, Alan"]
[Result "0-1"]
[WhiteElo "2379"]
[BlackElo "2630"]
[Annotator "ChessBase"]
[PlyCount "102"]
[EventDate "2021.12.29"]
[EventType "swiss"]
[EventCountry "POL"]
[Tiebreak "Cut1 Buchholz"]
[SourceTitle "playchess.com"]
[Source "ChessBase"]
[SourceQuality "1"]

1. e4 c5 2. Nf3 e6 3. d3 Nc6 4. g3 Nf6 5. Bg2 d5 6. Nbd2 Be7 7. O-O O-O 8. Re1
Qc7 9. e5 Nd7 10. Qe2 b5 11. h4 Bb7 12. Nf1 Rfc8 13. c3 a5 14. Bf4 a4 15. a3
Qd8 16. h5 h6 17. N1h2 Bf8 18. g4 Be7 19. Rad1 d4 20. Qd2 dxc3 21. bxc3 b4 22.
c4 bxa3 23. g5 hxg5 24. Nxg5 Rab8 25. h6 gxh6 26. Ngf3 Nf8 27. Ng4 Ng6 28.
Nxh6+ Kg7 29. Ng4 Nd4 30. Nxd4 Qxd4 31. Bh6+ Kg8 32. Be4 Bxe4 33. Rxe4 Rb2 34.
Qe1 Qd8 35. Bc1 Rb3 36. Qd2 Rcb8 37. Kg2 Rb1 38. Qh6 Qf8 39. Qh5 a2 40. Nh6+
Qxh6 41. Qxh6 a1=Q 42. Rh1 Rxc1 43. Rxc1 Rb1 44. Rxb1 Qxb1 45. Qe3 a3 46. Rg4
Qb7+ 47. Kg3 a2 48. Qh6 a1=Q 49. Rxg6+ fxg6 50. Qxg6+ Kf8 51. Qxe6 Qg1+ 0-1

[Event "FIDE Open World Blitz 2021"]
[Site "Warsaw"]
[Date "2021.12.29"]
[Round "2.18"]
[White "Timofeev, Artyom"]
[Black "Lima, Darcy"]
[Result "1-0"]
[WhiteElo "2586"]
[BlackElo "2379"]
[Annotator "ChessBase"]
[PlyCount "85"]
[EventDate "2021.12.29"]
[EventType "swiss"]
[EventCountry "POL"]
[Tiebreak "Cut1 Buchholz"]
[SourceTitle "playchess.com"]
[Source "ChessBase"]
[SourceQuality "1"]

1. c4 e5 2. e3 Nf6 3. Nc3 Be7 4. Nf3 Nc6 5. d3 O-O 6. Be2 Re8 7. O-O Bf8 8. b3
a5 9. Bb2 d6 10. Nd2 Bf5 11. Nde4 Bg6 12. Bf3 Nd7 13. Nd5 Ne7 14. Rc1 f5 15.
Ng5 Nc8 16. Nh3 c6 17. Nc3 Nf6 18. Kh1 Nb6 19. Ng1 Nbd7 20. Be2 h6 21. Nf3 Bh5
22. Kg1 d5 23. cxd5 cxd5 24. Nb5 Rc8 25. Rxc8 Qxc8 26. Qd2 Bb4 27. Bc3 Bxc3 28.
Nxc3 Qc5 29. d4 exd4 30. Nxd4 Bxe2 31. Ncxe2 Ne4 32. Qb2 Ne5 33. Nxf5 Qf8 34.
Neg3 Nd3 35. Qd4 Nexf2 36. Nh5 Re5 37. Nhxg7 Rxf5 38. Nxf5 Qxf5 39. h3 Nxh3+
40. gxh3 Qxh3 41. Qxd5+ Kg7 42. Qf7+ Kh8 43. Qe8+ 1-0

[Event "FIDE Open World Blitz 2021"]
[Site "Warsaw"]
[Date "2021.12.29"]
[Round "2.18"]
[White "Gareyev, Timur"]
[Black "Adly, Ahmed"]
[Result "1-0"]
[WhiteElo "2583"]
[BlackElo "2602"]
[Annotator "ChessBase"]
[PlyCount "61"]
[EventDate "2021.12.29"]
[EventType "swiss"]
[EventCountry "POL"]
[Tiebreak "Cut1 Buchholz"]
[SourceTitle "playchess.com"]
[Source "ChessBase"]
[SourceQuality "1"]

1. d4 Nf6 2. c4 e6 3. Nc3 Bb4 4. Qc2 c5 5. dxc5 Na6 6. a3 Bxc3+ 7. Qxc3 Nxc5 8.
b4 Nce4 9. Qd4 d5 10. c5 b6 11. cxb6 axb6 12. Bb2 O-O 13. f3 Nd6 14. e3 e5 15.
Qxe5 Re8 16. Qg5 d4 17. Bxd4 Nf5 18. Bxf6 Qd6 19. Rd1 Qe6 20. Bd3 Qxe3+ 21. Ne2
Rxa3 22. Bb5 Rf8 23. Qxe3 Nxe3 24. Bb2 Rb3 25. Rd2 Rxb4 26. Nd4 Bb7 27. Kf2 Nd5
28. Bc6 Bxc6 29. Nxc6 Rb3 30. Nd4 Rb4 31. Ba3 1-0

[Event "FIDE Open World Blitz 2021"]
[Site "Warsaw"]
[Date "2021.12.29"]
[Round "2.19"]
[White "Svane, Rasmus"]
[Black "Carlsson, Pontus"]
[Result "1-0"]
[WhiteElo "2628"]
[BlackElo "2457"]
[Annotator "ChessBase"]
[PlyCount "36"]
[EventDate "2021.12.29"]
[EventType "swiss"]
[EventCountry "POL"]
[Tiebreak "Cut1 Buchholz"]
[SourceTitle "playchess.com"]
[Source "ChessBase"]
[SourceQuality "1"]

1. Nf3 Nf6 2. g3 b6 3. Bg2 Bb7 4. O-O c5 5. c4 g6 6. d4 cxd4 7. Qxd4 Bg7 8. Nc3
d6 9. Rd1 Nbd7 10. Be3 h6 11. Rac1 O-O 12. Qd2 Ng4 13. Bd4 Ngf6 14. Nd5 Rb8 15.
b3 Bxd5 16. cxd5 Rc8 17. Ne1 Nc5 18. b4 Na4 1-0

[Event "FIDE Open World Blitz 2021"]
[Site "Warsaw"]
[Date "2021.12.29"]
[Round "2.19"]
[White "Harikrishna, Pentala"]
[Black "Petrovskyi, Vadym"]
[Result "1-0"]
[WhiteElo "2614"]
[BlackElo "2377"]
[Annotator "ChessBase"]
[PlyCount "109"]
[EventDate "2021.12.29"]
[EventType "swiss"]
[EventCountry "POL"]
[Tiebreak "Cut1 Buchholz"]
[SourceTitle "playchess.com"]
[Source "ChessBase"]
[SourceQuality "1"]

1. e4 c5 2. Nf3 d6 3. c3 Nf6 4. Be2 g6 5. O-O Bg7 6. Bb5+ Bd7 7. Bxd7+ Qxd7 8.
Re1 O-O 9. d4 cxd4 10. cxd4 d5 11. e5 Ne4 12. Nbd2 Nxd2 13. Bxd2 Nc6 14. Rc1 e6
15. Bg5 Rfc8 16. Qd2 Ne7 17. h3 Rxc1 18. Rxc1 Rc8 19. Rxc8+ Nxc8 20. Nh2 h5 21.
Bh6 Bxh6 22. Qxh6 Ne7 23. g4 Qd8 24. Qg5 Nc6 25. Qf4 Qb6 26. Nf3 hxg4 27. Ng5
Qc7 28. hxg4 Qe7 29. Nf3 a5 30. a3 a4 31. Kg2 Na5 32. Qh6 Qf8 33. Qh4 Nc6 34.
Qf6 Qg7 35. Qg5 Qf8 36. Qd2 Qd8 37. Kg3 Qe7 38. Qc2 Qd8 39. Qxa4 Qb6 40. Qc2
Kg7 41. Qc3 Qb5 42. Qe3 Qc4 43. Qf4 Nd8 44. Qf6+ Kh7 45. Qxd8 Qd3 46. Qf6 Kg8
47. Kg2 Qe4 48. Kg3 Qd3 49. a4 Kf8 50. b4 Kg8 51. b5 Kf8 52. b6 Kg8 53. Qd8+
Kg7 54. Qc7 g5 55. Qe7 1-0

[Event "FIDE Open World Blitz 2021"]
[Site "Warsaw"]
[Date "2021.12.29"]
[Round "2.20"]
[White "Dreev, Aleksey"]
[Black "Murzin, Volodar"]
[Result "1-0"]
[WhiteElo "2635"]
[BlackElo "2519"]
[Annotator "ChessBase"]
[PlyCount "75"]
[EventDate "2021.12.29"]
[EventType "swiss"]
[EventCountry "POL"]
[Tiebreak "Cut1 Buchholz"]
[SourceTitle "playchess.com"]
[Source "ChessBase"]
[SourceQuality "1"]

1. d4 Nf6 2. Nf3 d6 3. Nc3 g6 4. e4 Bg7 5. Be3 O-O 6. Qd2 c6 7. Bh6 b5 8. Bd3
Bg4 9. h4 Bxf3 10. gxf3 e5 11. Ne2 Nh5 12. Bxg7 Kxg7 13. f4 Nd7 14. c3 Qf6 15.
fxe5 dxe5 16. Qg5 Rad8 17. O-O-O h6 18. Qxf6+ Nhxf6 19. f4 exf4 20. Nxf4 Ng4
21. Rdf1 h5 22. Rhg1 b4 23. Be2 bxc3 24. bxc3 c5 25. Bxg4 hxg4 26. Rxg4 Nf6 27.
Rxg6+ fxg6 28. Ne6+ Kg8 29. Nxd8 Nxe4 30. Rxf8+ Kxf8 31. Ne6+ Ke7 32. Nxc5 Nxc3
33. Kc2 Nxa2 34. Nd3 a5 35. Kb3 Nb4 36. Nxb4 axb4 37. Kxb4 Kd6 38. Kc4 1-0

[Event "FIDE Open World Blitz 2021"]
[Site "Warsaw"]
[Date "2021.12.29"]
[Round "2.20"]
[White "Antipov, Mikhail Al."]
[Black "Heberla, Bartlomiej"]
[Result "1-0"]
[WhiteElo "2587"]
[BlackElo "2373"]
[Annotator "ChessBase"]
[PlyCount "65"]
[EventDate "2021.12.29"]
[EventType "swiss"]
[EventCountry "POL"]
[Tiebreak "Cut1 Buchholz"]
[SourceTitle "playchess.com"]
[Source "ChessBase"]
[SourceQuality "1"]

1. e4 e5 2. Nf3 Nc6 3. Bc4 Nf6 4. d3 Be7 5. O-O O-O 6. Nc3 d6 7. a4 a5 8. h3
Be6 9. Bxe6 fxe6 10. Ne2 Qe8 11. Ng3 Nh5 12. c3 Nf4 13. Bxf4 Rxf4 14. Qb3 Qc8
15. Ne2 Rf7 16. d4 exd4 17. Nexd4 Nxd4 18. Nxd4 e5 19. Nf5 Bf8 20. f4 c6 21.
fxe5 d5 22. Nd4 Rxf1+ 23. Rxf1 Qd7 24. e6 Qe7 25. exd5 cxd5 26. Rf7 Qc5 27.
Qxb7 Re8 28. Rxg7+ Bxg7 29. Qf7+ Kh8 30. Qxe8+ Bf8 31. Qf7 Qd6 32. Nf5 Qc5+ 33.
Kh1 1-0

[Event "FIDE Open World Blitz 2021"]
[Site "Warsaw"]
[Date "2021.12.29"]
[Round "2.21"]
[White "Piorun, Kacper"]
[Black "Zvjaginsev, Vadim"]
[Result "0-1"]
[WhiteElo "2634"]
[BlackElo "2609"]
[Annotator "ChessBase"]
[PlyCount "124"]
[EventDate "2021.12.29"]
[EventType "swiss"]
[EventCountry "POL"]
[Tiebreak "Cut1 Buchholz"]
[SourceTitle "playchess.com"]
[Source "ChessBase"]
[SourceQuality "1"]

1. e4 c5 2. Nc3 g6 3. f4 Bg7 4. Nf3 e6 5. g3 Ne7 6. Bg2 O-O 7. O-O Nbc6 8. e5
d6 9. exd6 Nf5 10. Ne4 Nxd6 11. d3 Rb8 12. c3 b6 13. Qa4 Bb7 14. Rd1 Qe7 15.
Be3 Rfd8 16. Bf2 h6 17. Qc2 Rd7 18. Nfd2 Rbd8 19. Nxd6 Qxd6 20. Nc4 Qc7 21. a4
Ne7 22. Be4 Nf5 23. Qe2 Nd6 24. Nxd6 Rxd6 25. a5 Bd5 26. axb6 axb6 27. Bxd5
Rxd5 28. Rd2 e5 29. Be3 Qd7 30. Rad1 exf4 31. Bxf4 g5 32. Be3 Re8 33. Re1 Rde5
34. Qf2 f5 35. Rdd1 Qd5 36. Bc1 Rxe1+ 37. Rxe1 Rxe1+ 38. Qxe1 Qxd3 39. Qe6+ Kh7
40. Be3 Qb1+ 41. Kg2 Qxb2+ 42. Bf2 Qc2 43. Qxb6 Qe4+ 44. Kg1 c4 45. Qa5 f4 46.
gxf4 gxf4 47. Qh5 f3 48. h4 Bxc3 49. Qf7+ Bg7 50. Kh2 c3 51. Qc7 Qe5+ 52. Qxe5
Bxe5+ 53. Kh3 h5 54. Be3 Kg6 55. Bc1 Kf5 56. Be3 Bf6 57. Kg3 Ke4 58. Bc1 Bxh4+
59. Kh2 c2 60. Kh3 Bf2 61. Bb2 Bd4 62. Ba3 Be3 0-1

[Event "FIDE Open World Blitz 2021"]
[Site "Warsaw"]
[Date "2021.12.29"]
[Round "2.21"]
[White "Gdanski, Jacek"]
[Black "Gagunashvili, Merab"]
[Result "1/2-1/2"]
[WhiteElo "2367"]
[BlackElo "2575"]
[Annotator "ChessBase"]
[PlyCount "106"]
[EventDate "2021.12.29"]
[EventType "swiss"]
[EventCountry "POL"]
[Tiebreak "Cut1 Buchholz"]
[SourceTitle "playchess.com"]
[Source "ChessBase"]
[SourceQuality "1"]

1. e4 d6 2. d4 Nf6 3. Nc3 e5 4. dxe5 dxe5 5. Qxd8+ Kxd8 6. Bc4 Ke8 7. f3 a6 8.
Be3 Bd6 9. Nge2 h6 10. Nd5 Nxd5 11. Bxd5 Nd7 12. Kf2 Nf6 13. Bb3 Ke7 14. Rhd1
Be6 15. Rd3 Rad8 16. Rad1 Bxb3 17. axb3 Ke6 18. c4 Be7 19. Nc3 Rxd3 20. Rxd3 c6
21. Na4 Nd7 22. c5 h5 23. b4 g6 24. Ke2 f5 25. Nc3 Ra8 26. Na4 Rf8 27. h3 Nf6
28. Nc3 Ra8 29. Bg5 a5 30. Bxf6 Kxf6 31. bxa5 Bxc5 32. Rd7 Rxa5 33. Rxb7 Bd4
34. Kd3 Ra1 35. Rc7 c5 36. h4 Bxc3 37. Rc6+ Kf7 38. bxc3 Rg1 39. Rxc5 Ke6 40.
Rc6+ Kf7 41. Rc5 Ke6 42. Rc6+ Kf7 43. exf5 gxf5 44. Rh6 Rxg2 45. Rxh5 Kf6 46.
Rh6+ Kf7 47. c4 Rf2 48. Ke3 Rc2 49. Kd3 Rf2 50. Ke3 Rc2 51. Rc6 Rh2 52. Rh6 Rc2
53. Rc6 Rh2 1/2-1/2

[Event "FIDE Open World Blitz 2021"]
[Site "Warsaw"]
[Date "2021.12.29"]
[Round "2.22"]
[White "Riazantsev, Alexander"]
[Black "Vidit, Santosh Gujrathi"]
[Result "1/2-1/2"]
[WhiteElo "2634"]
[BlackElo "2727"]
[Annotator "ChessBase"]
[PlyCount "48"]
[EventDate "2021.12.29"]
[EventType "swiss"]
[EventCountry "POL"]
[Tiebreak "Cut1 Buchholz"]
[SourceTitle "playchess.com"]
[Source "ChessBase"]
[SourceQuality "1"]

1. d4 Nf6 2. c4 e6 3. Nf3 d5 4. Qc2 dxc4 5. e3 c5 6. Bxc4 cxd4 7. Nxd4 Bd7 8.
O-O Nc6 9. Nf3 Rc8 10. Qe2 Bd6 11. Rd1 Qe7 12. b3 Ne5 13. Nxe5 Bxe5 14. Ba3 Qd8
15. Bb2 Qc7 16. h3 Bxb2 17. Qxb2 O-O 18. Nd2 Bc6 19. Rac1 Qe7 20. Be2 Rfd8 21.
Nc4 Bd5 22. Nd2 h6 23. Rxc8 Rxc8 24. Rc1 Rc7 1/2-1/2

[Event "FIDE Open World Blitz 2021"]
[Site "Warsaw"]
[Date "2021.12.29"]
[Round "2.22"]
[White "Theodorou, Nikolas"]
[Black "Sadhwani, Raunak"]
[Result "1/2-1/2"]
[WhiteElo "2351"]
[BlackElo "2562"]
[Annotator "ChessBase"]
[PlyCount "89"]
[EventDate "2021.12.29"]
[EventType "swiss"]
[EventCountry "POL"]
[Tiebreak "Cut1 Buchholz"]
[SourceTitle "playchess.com"]
[Source "ChessBase"]
[SourceQuality "1"]

1. e4 e5 2. d4 exd4 3. c3 d5 4. exd5 Nf6 5. Nf3 Qxd5 6. cxd4 Bg4 7. Be2 Nc6 8.
Nc3 Bb4 9. O-O Bxc3 10. bxc3 O-O 11. c4 Qd6 12. Be3 Rfe8 13. d5 Ne5 14. Nxe5
Bxe2 15. Nxf7 Qxh2+ 16. Kxh2 Bxd1 17. Raxd1 Kxf7 18. Bf4 Rac8 19. f3 b6 20.
Rfe1 h6 21. Rxe8 Kxe8 22. g4 Kd7 23. Kg3 Re8 24. Bd2 Re2 25. a4 Ne8 26. Bc3 Rc2
27. Rd3 g6 28. Re3 Nd6 29. Bg7 h5 30. Re6 hxg4 31. fxg4 Rxc4 32. Rxg6 Rc5 33.
Be5 Rxd5 34. Kf4 Nf7 35. Rg7 Ke6 36. Bxc7 Rd4+ 37. Kf3 Rxa4 38. Rg6+ Kd5 39.
Kg3 b5 40. Rf6 Ne5 41. Bxe5 Kxe5 42. Rf5+ Ke6 43. Rxb5 Kf6 44. Rf5+ Kg6 45. Rb5
1/2-1/2

[Event "FIDE Open World Blitz 2021"]
[Site "Warsaw"]
[Date "2021.12.29"]
[Round "2.23"]
[White "Predke, Alexandr"]
[Black "Kadric, Denis"]
[Result "0-1"]
[WhiteElo "2627"]
[BlackElo "2566"]
[Annotator "ChessBase"]
[PlyCount "106"]
[EventDate "2021.12.29"]
[EventType "swiss"]
[EventCountry "POL"]
[Tiebreak "Cut1 Buchholz"]
[SourceTitle "playchess.com"]
[Source "ChessBase"]
[SourceQuality "1"]

1. d4 d6 2. e4 Nf6 3. Nc3 e5 4. Nf3 Nbd7 5. Bc4 Be7 6. O-O O-O 7. Re1 c6 8. a4
h6 9. h3 Re8 10. Be3 exd4 11. Nxd4 Bf8 12. Bf4 Nc5 13. Qf3 Ne6 14. Nxe6 Bxe6
15. Bxe6 Rxe6 16. e5 dxe5 17. Rxe5 Rxe5 18. Bxe5 Nd7 19. Bd4 Bc5 20. Rd1 Bxd4
21. Rxd4 Qe7 22. Qe4 Re8 23. Qxe7 Rxe7 24. Kf1 Kf8 25. a5 Nf6 26. a6 b5 27. Rd6
Rc7 28. Rd8+ Ke7 29. Rb8 Nd7 30. Rg8 g6 31. Ne4 Nf6 32. Nxf6 Kxf6 33. Re8 Rd7
34. Ke2 Re7+ 35. Rxe7 Kxe7 36. Ke3 Kd6 37. b4 c5 38. c3 Kd5 39. Kd3 f5 40. f4
h5 41. g3 Kc6 42. Ke3 Kb6 43. bxc5+ Kxc5 44. Kd3 Kd5 45. Kc2 Kc4 46. Kb2 b4 47.
cxb4 Kxb4 48. Kc2 Kb5 49. Kc3 Kxa6 50. Kd4 Kb6 51. Ke5 a5 52. Kf6 a4 53. Kxg6
a3 0-1

[Event "FIDE Open World Blitz 2021"]
[Site "Warsaw"]
[Date "2021.12.29"]
[Round "2.23"]
[White "Samunenkov, Ihor"]
[Black "Corrales Jimenez, Fidel"]
[Result "1/2-1/2"]
[WhiteElo "2348"]
[BlackElo "2523"]
[Annotator "ChessBase"]
[PlyCount "139"]
[EventDate "2021.12.29"]
[EventType "swiss"]
[EventCountry "POL"]
[Tiebreak "Cut1 Buchholz"]
[SourceTitle "playchess.com"]
[Source "ChessBase"]
[SourceQuality "1"]

1. d4 Nf6 2. g3 g6 3. Bg2 d5 4. Nf3 Bg7 5. O-O O-O 6. c4 Nc6 7. cxd5 Nxd5 8.
Nc3 Nb6 9. e3 Re8 10. h3 Bd7 11. Qe2 a5 12. d5 Nb4 13. e4 c6 14. a3 Na6 15.
dxc6 Bxc6 16. Rd1 Qc7 17. Nd4 Nc5 18. Nxc6 bxc6 19. Qc2 a4 20. Be3 Nbd7 21.
Rab1 Qb7 22. Ne2 Nb3 23. Nd4 Rec8 24. Nxb3 axb3 25. Qc4 Ne5 26. Qc5 Qb5 27.
Qxe7 Re8 28. Qb4 Nc4 29. Qxb5 cxb5 30. Bd4 Rad8 31. Bxg7 Rxd1+ 32. Rxd1 Kxg7
33. Rd3 Na5 34. Rd5 Rb8 35. Bf1 Nc6 36. Rxb5 Re8 37. Rxb3 Rxe4 38. Re3 Rd4 39.
Bg2 Rd1+ 40. Kh2 Nd4 41. Be4 Rd2 42. b4 Rxf2+ 43. Bg2 h5 44. Rd3 Nc2 45. Kg1
Rxg2+ 46. Kxg2 Ne1+ 47. Kf2 Nxd3+ 48. Ke3 Nb2 49. Kd4 g5 50. b5 Na4 51. Kc4 f5
52. Kb4 f4 53. gxf4 gxf4 54. Kxa4 f3 55. b6 f2 56. b7 f1=Q 57. b8=Q Qxh3 58.
Qe5+ Kg6 59. Kb4 Qg4+ 60. Kb5 Qd7+ 61. Kb6 h4 62. Qe4+ Kg5 63. Qe3+ Kg6 64.
Qe4+ Kh5 65. Qe5+ Kg4 66. Qe4+ Kh5 67. Qe5+ Kh6 68. Qf6+ Kh5 69. Qe5+ Kg6 70.
Qe4+ 1/2-1/2

[Event "FIDE Open World Blitz 2021"]
[Site "Warsaw"]
[Date "2021.12.29"]
[Round "2.24"]
[White "Chigaev, Maksim"]
[Black "Lubczynski, Rafal"]
[Result "1-0"]
[WhiteElo "2626"]
[BlackElo "2361"]
[Annotator "ChessBase"]
[PlyCount "53"]
[EventDate "2021.12.29"]
[EventType "swiss"]
[EventCountry "POL"]
[Tiebreak "Cut1 Buchholz"]
[SourceTitle "playchess.com"]
[Source "ChessBase"]
[SourceQuality "1"]

1. d4 d5 2. Nf3 c6 3. c4 Nf6 4. g3 Bf5 5. Nc3 e6 6. Qb3 Qb6 7. c5 Qxb3 8. axb3
Nbd7 9. b4 b5 10. Bf4 Be7 11. Ra6 Rc8 12. Rxa7 O-O 13. Ne5 Rfd8 14. Bg2 Nxe5
15. Bxe5 Nd7 16. Bc7 Re8 17. O-O Bf6 18. e4 dxe4 19. Nxe4 Bxd4 20. Nd6 Ra8 21.
Rxa8 Rxa8 22. Bxc6 Ra2 23. Nxf5 exf5 24. Bxd7 Rxb2 25. Bd6 Rxb4 26. c6 Rc4 27.
c7 1-0